000 00359 a2200157 4500
001 69282
020 _a
040 _cAnchieta - Itaigara
100 _aGouveia, Luis Augusto
240 1 0 _a... E a conversa continua!
_lpor
245 1 0 _a... E a conversa continua!
300 _a111
362 0 _a2000
650 4 _aLiteratura infanto-juvenil
942 _cBK
999 _c69282
_d69282